000
00269nam a22001217a 4500
082
_a
823
_b
MUN/S
100
_a
MUNRO, H H
245
_a
SAKI
_b
SELECTED STORIES
260
_a
DELHI
_b
BLACK ROSE PUBLICATIONS
300
_a
286
650
_a
SHORT STORIES
_z
INDIA
942
_c
BK
999
_c
3505
_d
3505